Cómo resolver conflictos en clase: estrategias y técnicas para mantener la armonía en clase (Registro nro. 156)
[ vista simple ]
| 000 -Cabecera | |
|---|---|
| Campo de control de longitud fija | 00715aam a2200265 4500 |
| 005 - Fecha y hora de la última transacción | |
| Campo de control | 20260422150505.0 |
| 008 - Elementos de longitud fija--Información general | |
| Campo de control de longitud fija | 150721b1984 xxu||||| |||| 00| 0 spa d |
| 020 ## - International Standard Book Number | |
| Número Internacional Estándar del Libro (ISBN) | 8432986022 |
| 041 ## - Idioma | |
| Código de idioma | Español |
| 082 ## - Clasificación Decimal Dewey | |
| Número de clasificación | 370.15 P361c2 |
| 100 ## - Entrada principal--Autor personal | |
| Nombre personal | Pearson, Craig |
| 245 ## - Título propiamente dicho | |
| Título | Cómo resolver conflictos en clase: estrategias y técnicas para mantener la armonía en clase |
| 250 ## - Edición | |
| Mención de edición | 2 edición |
| 260 ## - Pie de imprenta | |
| Lugar de publicación, distribución, etc. | España |
| 260 ## - Pie de imprenta | |
| Nombre del editor, distribuidor, etc. | Ediciones Ceac |
| 260 ## - Pie de imprenta | |
| Fecha de publicación, distribución, etc. | 1984 |
| 300 ## - Descripción física | |
| Extensión | 93 páginas |
| 490 ## - Serie | |
| Título de la Serie | Temática General |
| 650 ## - Materia general | |
| Temática (materia general) | EDUCACIÓN |
| 650 ## - Materia general | |
| Temática (materia general) | COPORTAMIENTO |
| 650 ## - Materia general | |
| Temática (materia general) | PSICOLOGÍA DE LA EDUCACIÓN |
| 650 ## - Materia general | |
| Temática (materia general) | CONDUCTA CONSTRUCTIVA |
| 650 ## - Materia general | |
| Temática (materia general) | FUNCIÓN SOCIAL |
| 942 ## - Punto de acceso adicional KOHA | |
| Tipo de ítem KOHA | Libro |
| Fuente del sistema de clasificación o colocación | Dewey Decimal Classification |
| Signatura completa | Código de barras | Programa Académico | Tipo de ítem |
|---|---|---|---|
| 370.15 P361c2 | 647 | Temática General | Libro |